1729 1541 1922 1978 1274 1194 1762 1741 1638 1634 1272 1201 1833 1529 1653 1902 1797 1160 1612 1222 1645 1429 1083 1057 1800 1274 1321 1478 1839 1975 1555 1874 1319 1069 1171 1817 1707 1223 1416 1512 1972 1287 1262 1447 1773 1592 1297 1678 1499 1548 1038 1487 1610 1535 1991 1242 1833 1255 1295 1194 1123 1395 1251 1038 1821 1420 1951 1604 1617 1588 1186 1569 1359 1113 1527 1722 1094 1072 1190 1095 1697 1870 1422 1208 1613 1647 1626 1819 1040 1640 1241 1218 1479 1682 1400 1680 1293 1745 1024 BCNSPRNW ULIB Ver.6.0+V

เปลี่ยนเป็นภาษาไทย

Change to English
 แสดงรายละเอียดบรรณานุกรม
  กลับหน้าหลัก

Brief Record : Get Marc (ISO 2709) : E-mail record : QR code < ปิดหน้าต่าง
LEADER : 00000nam 2200000uu 4500
001    13399127190
003     ULIB
008    191021s2562||||th 000 0 tha d
020 ^- ^a9786163660626
050 ^- ^aนว.^bข562น
100 0^ aขวัญใจ เอมใจ.
245 10 ^aนางฟ้าที่(แสน)รัก /^cขวัญใจ เอมใจ.
250 ^- ^aพิมพ์ครั้งที่ 1.
260 ^- ^aนนทบุรี :^bดวงตะวัน,^c2562
300 ^- ^a447 หน้า.
945    ^p350^l0^i27882
999    ^aกัณชพร จุลอักษร
รายการนี้ยังไม่มีแท็ก
คุณยังไม่ได้ล็อกอิน คุณสามารถมีกิจกรรมร่วมกับเว็บไซต์ได้ แต่ต้องล็อกอินก่อน ::
  ล็อกอิน

รายการสื่อสารสนเทศ

ลำดับที่ ประเภท เลขเรียก/บาร์โค้ด สถานที่ สถานะ
1. วิทยาศาสตร์การแพทย์ และสุขภาพ
วิทยาศาสตร์การแพทย์ และสุขภาพ
นว. ข562น ฉ.1 
  Barcode: 27882
ห้องสมุดวิทยาเขตนครสวรรค์
►นวนิยาย:l:Fiction
บนชั้น

BibComment


ยังไม่เคยถูกคอมเมนท์

คอมเมนท์ทรัพยากรรายการนี้
  คอมเมนท์: นางฟ้าที่แสนรัก ..


 Copyright 2026. Bcnsprnw @Library